[Event "Titled Tuesday intern op 10th Sep Early"]
[Site "Chess,com INT"]
[Date "2024.09.10"]
[Round "2"]
[White "Dreelinck, Jacob"]
[Black "Florescu, Codrut Constantin"]
[Result "0-1"]
[WhiteElo "2267"]
[BlackElo "2193"]
[PlyCount "144"]
[EventDate "2024.09.10"]
[EventType "swiss (blitz)"]
[EventRounds "11"]
[EventCountry "USA"]
[SourceTitle "EXT 2025"]
[Source "ChessBase"]
[SourceDate "2024.10.14"]
[SourceVersion "1"]
[SourceVersionDate "2024.10.14"]
[SourceQuality "1"]

1. e4 c6 2. d4 d5 3. e5 Bf5 4. g4 Be4 5. f3 Bg6 6. e6 fxe6 7. Bd3 Bxd3 8. Qxd3 e5 9. dxe5 e6 10. f4 Nd7 11. Nf3 Qb6 12. Nc3 0-0-0 13. Be3 Bc5 14. Bxc5 Nxc5 15. Qd4 h5 16. Ng5 Nh6 17. b4 Nd7 18. Qxb6 Nxb6 19. Nxe6 Nxg4 20. Nxd8 Rxd8 21. h3 Ne3 22. Kd2 Nbc4+ 23. Kd3 g5 24. fxg5 Ng2 25. Kd4 Nf4 26. Rae1 Ne6+ 27. Kd3 h4 28. Ne2 Nxe5+ 29. Kc3 Nf3 30. Ref1 Nexg5 31. Nd4 Ne4+ 32. Kd3 Nxd4 33. Kxd4 Ng3 34. Rhg1 Nxf1 35. Rxf1 Re8 36. Rf4 Re2 37. Kd3 Rg2 38. Rxh4 Rg3+ 39. Kd4 Kc7 40. c4 dxc4 41. Kxc4 Kb6 42. a4 a5 43. Rh5 axb4 44. Kxb4 Rg1 45. a5+ Ka6 46. h4 Rb1+ 47. Kc4 Rh1 48. Kc3 Ka7 49. Kb3 Kb8 50. Rh7 Rb1+ 51. Kc4 Ra1 52. Kb4 Rf1 53. h5 Rf4+ 54. Kb3 Ka7 55. h6 Rh4 56. Rh8 Ka6 57. h7 Kb5 58. Kc3 c5 59. Kb3 Rh3+ 60. Kc2 Kc4 61. Kd1 Kb4 62. a6 bxa6 63. Rb8+ Kc3 64. h8Q+ Rxh8 65. Rxh8 c4 66. Rb8 a5 67. Kc1 a4 68. Kb1 a3 69. Ka2 Kc2 70. Kxa3 c3 71. Ka2 Kd2 72. Rd8+ Kc1 0-1

[Event "Titled Tuesday intern op 10th Sep Early"]
[Site "Chess,com INT"]
[Date "2024.09.10"]
[Round "11"]
[White "Florescu, Codrut Constantin"]
[Black "Bashirli, Saadat"]
[Result "1-0"]
[WhiteElo "2193"]
[BlackElo "1894"]
[PlyCount "63"]
[EventDate "2024.09.10"]
[EventType "swiss (blitz)"]
[EventRounds "11"]
[EventCountry "USA"]
[SourceTitle "EXT 2025"]
[Source "ChessBase"]
[SourceDate "2024.10.14"]
[SourceVersion "1"]
[SourceVersionDate "2024.10.14"]
[SourceQuality "1"]

1. d4 d5 2. Nf3 e6 3. c4 c6 4. Qc2 dxc4 5. Qxc4 Nf6 6. Nc3 b5 7. Qb3 Nbd7 8. e3 Bd6 9. Bd3 Bb7 10. 0-0 h6 11. a3 0-0 12. e4 e5 13. Qc2 exd4 14. Nxd4 Nc5 15. Be2 Bxh2+ 16. Kxh2 Qxd4 17. Be3 Qd6+ 18. Kg1 Ne6 19. f4 Qe7 20. e5 Nd7 21. Ne4 c5 22. Nd6 Bc6 23. Nf5 Qd8 24. Rad1 Qc7 25. Rd6 Qb7 26. Rxc6 Qxc6 27. Ne7+ Kh8 28. Nxc6 c4 29. f5 Nc7 30. f6 Nd5 31. fxg7+ Kxg7 32. Bd4 1-0

[Event "Titled Tuesday intern op 10th Sep Early"]
[Site "Chess,com INT"]
[Date "2024.09.10"]
[Round "3"]
[White "Florescu, Codrut Constantin"]
[Black "Fiskaaen, Martin Holten"]
[Result "1-0"]
[WhiteElo "2193"]
[BlackElo "2264"]
[PlyCount "101"]
[EventDate "2024.09.10"]
[EventType "swiss (blitz)"]
[EventRounds "11"]
[EventCountry "USA"]
[SourceTitle "EXT 2025"]
[Source "ChessBase"]
[SourceDate "2024.10.14"]
[SourceVersion "1"]
[SourceVersionDate "2024.10.14"]
[SourceQuality "1"]

1. d4 Nf6 2. Nf3 d5 3. c4 e6 4. Nc3 Bb4 5. e3 0-0 6. Bd2 a6 7. Rc1 b6 8. cxd5 exd5 9. Bd3 Bb7 10. Ne5 Nbd7 11. f4 Bxc3 12. Bxc3 Ne4 13. Bxe4 dxe4 14. 0-0 Nf6 15. Be1 Nd5 16. Bd2 f6 17. Nc6 Bxc6 18. Rxc6 Rf7 19. Qc2 f5 20. Rc1 Rd7 21. Qd1 Qe7 22. g4 Rf8 23. gxf5 Rxf5 24. Kh1 Qf7 25. Qg4 h5 26. Qg3 Nf6 27. b3 a5 28. R6c4 Nd5 29. Rg1 Rd6 30. Qh3 Rg6 31. Rcc1 Rh6 32. Be1 Nf6 33. Bh4 Ng4 34. Qg3 Rg6 35. h3 Ne5 36. dxe5 Rxg3 37. Rxg3 c5 38. Bf6 Rxf6 39. exf6 Qxf6 40. Rd1 Qb2 41. Rd8+ Kh7 42. Rd7 h4 43. Rg2 Qc1+ 44. Kh2 Qxe3 45. Rdxg7+ Kh8 46. R7g4 Qe1 47. f5 e3 48. f6 e2 49. Rg8+ Kh7 50. R2g7+ Kh6 51. Rh8# 1-0

[Event "Titled Tuesday intern op 10th Sep Early"]
[Site "Chess,com INT"]
[Date "2024.09.10"]
[Round "7"]
[White "Gabdushev, Ruslan"]
[Black "Florescu, Codrut Constantin"]
[Result "0-1"]
[WhiteElo "2256"]
[BlackElo "2193"]
[PlyCount "84"]
[EventDate "2024.09.10"]
[EventType "swiss (blitz)"]
[EventRounds "11"]
[EventCountry "USA"]
[SourceTitle "EXT 2025"]
[Source "ChessBase"]
[SourceDate "2024.10.14"]
[SourceVersion "1"]
[SourceVersionDate "2024.10.14"]
[SourceQuality "1"]

1. e4 c6 2. d4 d5 3. Nc3 dxe4 4. Nxe4 Bf5 5. Ng3 Bg6 6. c3 Nf6 7. h4 h6 8. Nh3 Nbd7 9. Nf4 Bh7 10. Nfh5 e6 11. Bc4 a5 12. Bf4 Qb6 13. Qe2 a4 14. 0-0 Nd5 15. Rfe1 a3 16. Bxd5 cxd5 17. b3 Bg6 18. Be5 Nxe5 19. Qxe5 Bd6 20. Nxg7+ Kd7 21. Qf6 Be7 22. Qf3 Bxh4 23. N7h5 Rhg8 24. Nf6+ Bxf6 25. Qxf6 Qd8 26. Qe5 Qg5 27. Qe2 h5 28. Qb5+ Kc8 29. c4 h4 30. cxd5 Qxd5 31. Rac1+ Kb8 32. Qxd5 exd5 33. Ne2 Be4 34. Nf4 Bxg2 35. Nxg2 h3 36. Re7 Rxg2+ 37. Kh1 Ra6 38. Rcc7 Rb6 39. Rxf7 Rg4 40. Rh7 Rxd4 41. Rxh3 Kxc7 42. Rc3+ Rc6 0-1

[Event "Titled Tuesday intern op 10th Sep Early"]
[Site "Chess,com INT"]
[Date "2024.09.10"]
[Round "9"]
[White "Turzo, Attila"]
[Black "Florescu, Codrut Constantin"]
[Result "1/2-1/2"]
[WhiteElo "2278"]
[BlackElo "2193"]
[PlyCount "153"]
[EventDate "2024.09.10"]
[EventType "swiss (blitz)"]
[EventRounds "11"]
[EventCountry "USA"]
[SourceTitle "EXT 2025"]
[Source "ChessBase"]
[SourceDate "2024.10.14"]
[SourceVersion "1"]
[SourceVersionDate "2024.10.14"]
[SourceQuality "1"]

1. e4 c6 2. d4 d5 3. Nc3 dxe4 4. Nxe4 Bf5 5. Ng3 Bg6 6. h4 h6 7. Nf3 Nd7 8. h5 Bh7 9. Bd3 Bxd3 10. Qxd3 Ngf6 11. Bf4 Qa5+ 12. Bd2 Qc7 13. 0-0-0 e6 14. Ne4 a6 15. Kb1 c5 16. Nxf6+ Nxf6 17. dxc5 Bxc5 18. Bc3 Rd8 19. Qxd8+ Qxd8 20. Rxd8+ Kxd8 21. Ne5 Ke7 22. Nd3 Bd6 23. f3 Rc8 24. g4 b5 25. Kc1 Rc4 26. a3 Ne8 27. Kd2 f6 28. b3 Rc8 29. Ra1 Nc7 30. Bb2 Nd5 31. Rc1 Nf4 32. Ke3 Nxd3 33. cxd3 Rxc1 34. Bxc1 Kd7 35. Ke4 Kc6 36. a4 bxa4 37. bxa4 Bb4 38. Be3 Bc3 39. Ba7 Be5 40. f4 Bd6 41. Bd4 Bc5 42. Bc3 Kd6 43. g5 Ke7 44. gxf6+ gxf6 45. f5 Bf2 46. Bd2 exf5+ 47. Kxf5 Kf7 48. Bxh6 Bh4 49. Bf4 Bf2 50. Bc7 Bd4 51. Bf4 Bc3 52. Ke4 Ke6 53. h6 f5+ 54. Kf3 Kf6 55. Be3 Kg6 56. d4 Bb4 57. d5 Bf8 58. Bf4 Kf6 59. d6 Ke6 60. Ke3 Bxh6 61. Bxh6 Kxd6 62. Kd4 Kc6 63. Bf4 Kb6 64. Kc4 Ka5 65. Kb3 Kb6 66. Kb4 a5+ 67. Kc4 Kc6 68. Be5 f4 69. Bxf4 Kb6 70. Kd5 Ka6 71. Kc6 Ka7 72. Kb5 Ka8 73. Kxa5 Kb7 74. Kb5 Ka8 75. a5 Kb7 76. a6+ Ka8 77. Kb6 1/2-1/2

[Event "Titled Tuesday intern op 27th Aug Late"]
[Site "Chess.com INT"]
[Date "2024.08.27"]
[Round "1"]
[White "Ernst, Luca"]
[Black "Florescu, Codrut Constantin"]
[Result "1-0"]
[WhiteElo "2185"]
[BlackElo "2194"]
[PlyCount "109"]
[EventDate "2024.08.27"]
[EventType "swiss (blitz)"]
[EventRounds "11"]
[EventCountry "USA"]
[SourceTitle "EXT 2025"]
[Source "ChessBase"]
[SourceDate "2024.10.14"]
[SourceVersion "1"]
[SourceVersionDate "2024.10.14"]
[SourceQuality "1"]

1. e4 c5 2. Nf3 e6 3. d4 cxd4 4. Nxd4 Nf6 5. Nc3 d6 6. Be2 Be7 7. 0-0 0-0 8. Be3 Nc6 9. f4 e5 10. Nxc6 bxc6 11. fxe5 dxe5 12. Qe1 Ng4 13. Bxg4 Bxg4 14. Qg3 Bh5 15. Qxe5 Bg6 16. Rad1 Bf6 17. Qc5 Qe7 18. Qxe7 Bxe7 19. Rd7 Bf6 20. Bd4 Bxd4+ 21. Rxd4 Rab8 22. b3 Rfd8 23. Rfd1 Rxd4 24. Rxd4 Kf8 25. Kf2 Ke7 26. Ke3 h5 27. Ra4 Rb7 28. Ra6 Kd7 29. Na4 Kd6 30. Nb2 Re7 31. Nc4+ Kc5 32. Kd2 Kd4 33. c3+ Kxe4 34. Rxc6 Kf4 35. Rd6 Be4 36. Rd4 f5 37. Nd6 h4 38. Ke2 g5 39. Kf2 g4 40. g3+ hxg3+ 41. hxg3+ Ke5 42. Nxe4 fxe4 43. Ke3 Kf5 44. Rd5+ Kf6 45. c4 Kg6 46. b4 Rf7 47. Kxe4 Rf3 48. Rd3 Rf1 49. Rc3 Kg5 50. c5 Re1+ 51. Kd5 Kf5 52. c6 Rd1+ 53. Kc5 Rd8 54. c7 Rc8 55. Kd6 1-0